000 00416nam a2200181Ia 4500
001 1485
005 20260306143732.0
008 260306t1989||||xx |||||||||||||| ||spa||
041 _aESP
082 _a150.195
_bM12
100 _aMcDougall, Joyce
_eAUT
245 0 _aTeatros del cuerpo
260 _c1989
300 _a196 páginas :
_c23 x 14 cm.
650 _aGEN
654 _aCPS
942 _cLIB
_dJUS
_fJUS
_2ddc
_n
999 _c1485
_d1485